Which City in India? - Statistics

General Stats
  • This quiz has been taken 2,788 times
  • The average score is 15 of 20
Answer Stats
Description Letter Answer % Correct
The "new one" is the capital of India D Delhi
100%
Largest coastal city in India M Mumbai
97%
Mother Teresa mainly opened orphanages in this city K Kolkata
96%
Location of the world famous Taj Mahal A Agra
95%
Most populous city ending in "-bad" H Hyderabad
92%
Formerly known as Madras C Chennai
91%
Capital of Rajasthan nicknamed the « Pink city » J Jaipur
90%
Most populous city ending in "-bad" A Ahmedabad
88%
Former Portuguese colony until 1961 G Goa
87%
Major IT centre, nicknamed « Silicon Valley of India » B Bangalore
84%
Capital of Uttar Pradesh L Lucknow
77%
Also known as "Benares", it is one of Hinduism's holiest cities V Varanasi
71%
Site of history's biggest industrial catastrophe in 1984 B Bhopal
61%
Himalayan city known for black tea D Darjeeling
57%
"The Blue city"; also a type of flared-hip pants J Jodhpur
55%
City on the Arabian sea, once famous for diamond trade S Surat
54%
Largest city in Kerala; Chinese fishing nets K Kochi
52%
Formerly known as "Pataliputra"; ancient capital of the Maurya Empire P Patna
50%
« City of Lakes » in UP; filming of Octopussy U Udaipur
33%
Birthplace of Jawaharlal Nehru and Indira Gandhi A Allahabad
29%
No matching quizzes found
Score Distribution
Percent of People with Each Score
Percentile by Number Answered
Your Score History
You have not taken this quiz